| 000 | 00367nam a2200169Ia 4500 | ||
|---|---|---|---|
| 100 | _aBates/Chris | ||
| 650 | _aWeb Programming | ||
| 250 | _a3 | ||
| 942 | _cBK | ||
| 366 | _f25 | ||
| 654 | _aweb | ||
| 245 | _aWeb programming:Building internet applications | ||
| 260 |
_bWiley India _aMumbai _c2006 |
||
| 082 |
_a4.65 _bBAT |
||
| 300 | _a654 | ||
| 546 | _aENGLISH | ||
| 999 |
_c31936 _d31936 |
||